| 000 | 01269cam a22003617a 4500 | ||
|---|---|---|---|
| 003 | CHAP | ||
| 005 | 20220329140443.0 | ||
| 008 | 971013s1966 r 00010 d | ||
| 010 | _a52206 | ||
| 011 | _a53178 | ||
| 035 | _a57328 | ||
| 040 | _cCHAP | ||
| 090 | _aFolleto 2795y | ||
| 100 | 0 | 0 |
_aWolfskill, Lyle A. _9122461 |
| 245 | 1 | 0 |
_aConstrucción de casas habitación de tierra _b: compilación de campo y bibliotecaria con bibliografía comentada |
| 260 |
_aMéxico, D.F. : _bCentro Regional de Ayuda Técnica, _c1966 |
||
| 300 |
_a36 p. _b: ilus. |
||
| 490 | 0 |
_aTexas Transportation Institute Bulletin _v; 18 |
|
| 590 |
_aBATCH-UPD _b10 _c20130110 _lUCH01 _h0318 |
||
| 590 |
_aBATCH-UPD _b10 _c20130110 _lUCH01 _h1432 |
||
| 590 |
_aBATCH-UPD _b10 _c20130409 _lUCH01 _h2351 |
||
| 590 |
_aBATCH-UPD _b10 _c20130914 _lUCH01 _h0400 |
||
| 590 |
_aCONVERSION _b10 _c20130109 _lUCH01 _h1328 |
||
| 650 | 1 | 4 |
_aArquitectura doméstica. _97376 |
| 650 | 1 | 4 |
_aConstrucción de tierra. _927395 |
| 650 | 1 | 4 |
_aVivienda rural. _9120158 |
| 700 | 0 |
_aDunlap, Wayne A. _934493 |
|
| 700 | 0 |
_aGallaway, Bob M. _944382 |
|
| 830 | 0 |
_aTexas Transportation Institute Bulletin _v; 18 _9112535 |
|
| 901 | _aBK | ||
| 942 | _cFOLL | ||
| 949 |
_aFolleto 2795y _bBC _cFOLL _d-124786 _eTS1 _i57328 _mD _si |
||
| 999 |
_c52206 _d52206 |
||